01054nam a2200181 4500003000900000005001700009008004100026020002400067040001300091041001200104082001700116100002200133245009600155250001100251260002600262500056300288650002100851SEACOMEC20251013161431.0251013b |||||||| |||| 00| 0 eng d a978-8187972884c360 aSEACOMEC aEnglish a004.16bG211 aGaonkar, Ramesh S aMicroprocessor architecture, Programming and Applications with the 8085 cRamesh S. Gaonkar a5th ed aMumbaibPenramcr2011 aMicroprocessor Architecture, Programming and Applications with the 8085 This book provides a comprehensive treatment of the microprocessor, covering both hardware and software based on the 8085 Microprocessor family. This book was first published in 1984 and it has been in the field for nearly three decades. The microprocessor concepts that were at the cutting edge of the technology in the 1970s and 80s have become fundamentals of the computer field. It is gratifying to see such acceptance of the integrated approach to teaching microprocessor concepts. aComputer Science